| 000 | 01541pam a2200313 a 4500 | ||
|---|---|---|---|
| 001 | 2031756 | ||
| 005 | 20030910183455.0 | ||
| 008 | 920514s1993 nyua b 001 0 eng | ||
| 010 | _a 92020059 | ||
| 020 | _a0471839817 (cloth) | ||
| 040 |
_aDLC _cDLC _dDLC |
||
| 050 | 0 | 0 |
_aTA658.44 _b.K75 1993 |
| 082 | 0 | 0 |
_a624.1762 _220 _bKRI |
| 100 | 1 |
_aKrinitzsky, E. L. _99151 |
|
| 245 | 1 | 0 |
_aFundamentals of Earthquake-Resistant Construction / _cEllis L. Krinitzsky, James P. Gould, Peter H. Edinger. |
| 260 |
_aNew York : _bWiley, _cc1993. |
||
| 300 |
_axxiii, 299 p. : _bill. maps ; _c25 cm. |
||
| 490 | 0 | _aWiley series of practical construction guides | |
| 504 | _aIncludes bibliographical references and index. | ||
| 650 | 0 |
_aEarthquake resistant design. _99152 |
|
| 700 | 1 |
_aGould, James P. _99153 |
|
| 700 | 1 |
_aEdinger, Peter H. _99154 |
|
| 856 | 4 | 2 |
_3Publisher description _uhttp://www.loc.gov/catdir/description/wiley031/92020059.html |
| 856 | 4 |
_3Table of Contents _uhttp://www.loc.gov/catdir/toc/onix01/92020059.html |
|
| 942 |
_2ddc _cBB |
||
| 999 |
_c12866 _d12866 |
||